|
|
|
|
| LEADER |
01466nam a2200337 a 4500 |
| 001 |
28557 |
| 003 |
BD-DhAAL |
| 005 |
20150128110724.0 |
| 008 |
141201s2000 nju b 001 0 eng |
| 010 |
|
|
|a 99087722
|
| 020 |
|
|
|a 0691049084 (alk. paper)
|
| 020 |
|
|
|a 0691049092 (pbk. : alk. paper)
|
| 040 |
|
|
|a DLC
|c DLC
|d DLC
|d BD-DhAAL
|
| 050 |
0 |
0 |
|a D13.5.E85
|b C43 2000
|
| 082 |
0 |
0 |
|a 901
|2 21
|
| 100 |
1 |
|
|a Chakrabarty, Dipesh.
|9 6359
|
| 245 |
1 |
0 |
|a Provincializing Europe :
|b postcolonial thought and historical difference /
|c Dipesh Chakrabarty.
|
| 260 |
|
|
|a Princeton, N.J. :
|b Princeton University Press,
|c c2000.
|
| 300 |
|
|
|a xii, 301 p. ;
|c 24 cm.
|
| 490 |
|
0 |
|a Princeton studies in culture/power/history
|
| 504 |
|
|
|a Includes bibliographical references (p. [257]-298) and index.
|
| 541 |
|
|
|e 28557
|
| 650 |
|
0 |
|a Historiography
|z Europe.
|9 6360
|
| 650 |
|
0 |
|a Eurocentrism.
|9 6361
|
| 650 |
|
0 |
|a Decolonization.
|9 6362
|
| 651 |
|
0 |
|a Europe
|x History
|x Philosophy.
|9 6363
|
| 651 |
|
0 |
|a India
|x Historiography.
|9 6364
|
| 942 |
|
|
|2 ddc
|c BK
|
| 999 |
|
|
|c 33167
|d 33167
|
| 952 |
|
|
|0 0
|1 0
|2 ddc
|4 0
|6 901_000000000000000_CHA
|7 0
|9 44273
|a BRACUL
|b BRACUL
|c GEN
|d 2014-12-01
|e Trim Education
|g 2800.00
|l 2
|m 12
|o 901 CHA
|p 3010028557
|q 2026-06-02
|r 2026-02-28
|s 2026-02-28
|t 1
|w 2014-12-01
|y BK
|
| 952 |
|
|
|0 0
|1 0
|2 ddc
|4 0
|6 901_000000000000000_CHA
|7 0
|9 61025
|a BRACUL
|b BRACUL
|c GEN
|d 2017-08-24
|e Karim International
|g 2640.00
|l 1
|m 7
|o 901 CHA
|p 3010032046
|r 2026-04-29
|s 2026-02-25
|t 2
|v 2640.00
|w 2017-08-24
|y BK
|